000 00687nam a2200229 i 4500
001 95768
003 ES-MaACL
005 20260227184018.0
007 t|
008 050606s1978 sp ||||1| spa d
020 _a84-01-34058-6
100 1 _aMacDermott, Doireann.
_9184370
245 1 0 _aAldous Huxley
_b: anticipación y retorno /
_cDoireann MacDermott.
250 _a2ª ed.
260 _aBarcelona :
_bPlaza & Janés,
_c1978.
300 _a275 p., 6 h. ;
_c20 cm.
490 1 _aLa vida es río
600 1 7 _aHuxley, Aldous,
_d1894-1963-
_xCrítica e interpretación
_2
_9139254
830 1 _aLa vida es río
_9181855
852 _aES-MaACL
_jA-9311
999 _c95768
_d95768